000 00561nam a2200193 a 4500
001 000045466
003 DO-SdBNP
005 20161208100034.0
007 000045466
008 150407s20uu dr a 000 0 spa d
040 _aBPMET
_bspa
_cBPMET
100 1 _aMiller, Jeannette
245 1 4 _aEl corazón de Juan /
_cJeannette Miller.
260 _a[Santo Domingo] :
_bil.,
_c[200?].
300 _a24 p. :
_bil. ;
_c22 cm.
500 _aIncluye datos biográficos del autor en la contracubierta
942 _2ddc
_cBK
956 _aVMATEO
_b10
_c20150413
_lBND01
_h1251
999 _c7617
_d7617